Venkovský lékař : (román) /

Hlavní autor: Skácelík, František
Jazyk: Čeština
Vydáno: Praha : Vyšehrad, 1969
Vydání: 4. vyd.
Externí odkaz: Digitalizovaný dokument
Fyzický popis: 174 s.
Knihy
Uloženo v:
LEADER 00822nam a22002412a 4500
001 000486106
003 CZ BrMZK
005 20130806100909.0
007 ta
008 010907s1969 xr f cze d
015 |a cnb000451087 
035 |a (OCoLC)7126808 
040 |a BOA001  |b cze 
100 1 |a Skácelík, František  |7 jk01111406  |4 aut 
245 1 0 |a Venkovský lékař :  |b (román) /  |c František Skácelík 
250 |a 4. vyd. 
260 |a Praha :  |b Vyšehrad,  |c 1969 
300 |a 174 s. 
500 |a Dostupné též v digitální podobě v aplikaci Kramerius 
856 4 1 |u http://www.digitalniknihovna.cz/mzk/uuid/uuid:a8a632c0-2a08-11e9-b81e-005056827e52  |y Digitalizovaný dokument  |x NDK 
910 |a BOA001  |b 2-0630.505 
990 |a BK 
996 7 |b 2619753599  |c 2-0630.505  |l HP2  |r DEN  |n 5  |w 000486106  |u 000010  |a 1  |e BOA001  |j MZK50  |s A